[Event "Stay Safe Play From Home 207"]
[Site "T#646637Emanuel Laske"]
[Date "2020.06.07"]
[Round "7"]
[White "Haris kollari 13"]
[Black "Sfantul321"]
[Result "1-0"]
[WhiteElo "1976"]
[BlackElo "1992"]
[Annotator "NA RC"]
[PlyCount "91"]
[EventDate "2020.06.07"]
[EventType "swiss (blitz)"]

1. e4 {[%emt 0:00:01]} g6 {[%emt 0:00:01]} 2. f4 {[%emt 0:00:01]} Bg7 {[%emt 0:00:01]} 3. Nf3 {[%emt 0:00:01]} c5 {[%emt 0:00:01]} 4. c3 {[%emt 0:00:01]} d5 {[%emt 0:00:02]} 5. e5 {[%emt 0:00:01]} d4 {[%emt 0:00:01]} 6. d3 {[%emt 0:00:01]} Nc6 {[%emt 0:00:04]} 7. c4 {[%emt 0:00:01]} Bg4 {[%emt 0:00:02]} 8. Be2 {[%emt 0:00:01]} e6 {[%emt 0:00:01]} 9. O-O {[%emt 0:00:06]} Nge7 {[%emt 0:00:01]} 10. Nbd2 {[%emt 0:00:04]} O-O {[%emt 0:00:07]} 11. Ne4 {[%emt 0:00:01]} b6 {[%emt 0:00:07]} 12. h3 {[%emt 0:00:01]} Bxf3 {[%emt 0:00:04]} 13. Bxf3 {[%emt 0:00:01]} Nf5 {[%emt 0:00:02]} 14. g4 {[%emt 0:00:06]} Nfe7 {[%emt 0:00:17]} 15. g5 {[%emt 0:00:02]} Rb8 {[%emt 0:00:08]} 16. Nf6+ {[%emt 0:00:03]} Kh8 {[%emt 0:00:01]} 17. h4 {[%emt 0:00:01]} Qc7 {[%emt 0:00:04]} 18. Kg2 {[%emt 0:00:02]} Nf5 {[%emt 0:00:02]} 19. Rh1 {[%emt 0:00:04]} Bxf6 {[%emt 0:00:04]} 20. gxf6 {[%emt 0:00:01]} b5 {[%emt 0:00:21]} 21. b3 {[%emt 0:00:01]} bxc4 {[%emt 0:00:02]} 22. bxc4 {[%emt 0:00:01]} Nxe5 {[%emt 0:00:09]} 23. fxe5 {[%emt 0:00:02]} Qxe5 {[%emt 0:00:01]} 24. Bg5 {[%emt 0:00:05]} Qg3+ {[%emt 0:00:02]} 25. Kf1 {[%emt 0:00:04]} Rb2 {[%emt 0:00:04]} 26. Be2 {[%emt 0:00:11]} h6 {[%emt 0:00:31]} 27. Bc1 {[%emt 0:00:06]} Ne3+ {[%emt 0:00:12]} 28. Bxe3 {[%emt 0:00:03]} dxe3 {[%emt 0:00:01]} 29. Qe1 {[%emt 0:00:16]} Qf4+ {[%emt 0:00:05]} 30. Kg2 {[%emt 0:00:03]} Qxf6 {[%emt 0:00:06]} 31. Rf1 {[%emt 0:00:03]} Qd4 {[%emt 0:00:10]} 32. Kh1 {[%emt 0:00:17]} f5 {[%emt 0:00:05]} 33. Rd1 {[%emt 0:00:01]} Rxa2 {[%emt 0:00:07]} 34. Rf3 {[%emt 0:00:13]} Rb8 {[%emt 0:00:04]} 35. Bf1 {[%emt 0:00:02]} Rbb2 {[%emt 0:00:05]} 36. Qxe3 {[%emt 0:00:10]} Qxh4+ {[%emt 0:00:07]} 37. Rh3 {[%emt 0:00:04]} Rh2+ {[%emt 0:00:01]} 38. Kg1 {[%emt 0:00:01]} Qg4+ {[%emt 0:00:18]} 39. Rg3 {[%emt 0:00:04]} Qh5 {[%emt 0:01:10]} 40. Qe5+ {[%emt 0:00:06]} Kg8 {[%emt 0:00:02]} 41. Qb8+ {[%emt 0:00:02]} Kf7 {[%emt 0:00:01]} 42. Qc7+ {[%emt 0:00:01]} Kf6 {[%emt 0:00:01]} 43. Qd8+ {[%emt 0:00:02]} Ke5 {[%emt 0:00:01]} 44. Re1+ {[%emt 0:00:04]} Rae2 {[%emt 0:00:04]} 45. Qb8+ {[%emt 0:00:19]} Kf6 {[%emt 0:00:02]} 46. Rxe2 {[%emt 0:00:01] Time} 1-0

[Event "Stay Safe Play From Home 207"]
[Site "T#646637Emanuel Laske"]
[Date "2020.06.07"]
[Round "7"]
[White "Edmatuag"]
[Black "little champs"]
[Result "0-1"]
[WhiteElo "1716"]
[BlackElo "2042"]
[Annotator "TA"]
[PlyCount "84"]
[EventDate "2020.06.07"]
[EventType "swiss (blitz)"]

{[%evp 9,84,-6,1,0,0,-19,-18,-22,-22,-51,-56,-97,-25,-35,-1,-45,-38,-52,-14,-77,0,-29,-29,-96,-89,-112,-104,-287,-290,-336,-291,-272,-286,-285,-269,-316,-258,-340,-321,-863,-833,-794,-602,-673,-666,-637,-577,-466,-439,-388,-393,-389,-370,-634,-633,-710,-684,-729,-457,-442,-333,-319,-280,-716,-630,-624,-556,-1034,-833,-29966,-29967,-29980,-29981,-29989,-29990,-29991,-465]} 1. g3 c5 2. Bg2 d6 3. d3 e6 4. Nc3 Nf6 {[#]} 5. Bd2 $146 ({Predecessor:} 5. e4 Be7 6. Be3 O-O 7. Nf3 Nc6 8. a3 a6 9. O-O Rb8 10. b3 Qc7 11. Qd2 b5 12. Ne2 Bb7 13. d4 Nxe4 {0-1 (30) Schonken,C (1036)-Vather,K (1397) Gauteng 2017}) 5... Be7 6. e4 {A00: Irregular Openings.} O-O 7. Nf3 d5 8. e5 {The position is equal.} Nfd7 9. Qe2 Nc6 10. Bf4 Qa5 (10... g5 $17 11. Bd2 g4) 11. O-O $11 b5 12. a3 (12. a4 $5 {[%cal Ra4b5]} b4 13. Nb5 $11) 12... Qb6 13. Rfd1 a5 14. d4 (14. a4 $11 {remains equal.}) 14... c4 (14... cxd4 $17 15. Nxb5 Ba6) 15. a4 b4 16. Nb5 (16. Nb1 $11) 16... Ba6 $17 17. Nd6 c3 $36 {[%mdl 2048] Black has strong initiative.} 18. Nb5 $2 {[#] This move loses the game for White.} (18. Qe1 $17) 18... cxb2 $19 19. Rab1 Na7 {[%cal Ra6b5]} 20. Rxb2 Nxb5 21. axb5 Bxb5 22. Qd2 a4 {[%cal Ba5a4,Ba4a3][%mdl 32]} 23. Ne1 a3 24. Rxb4 $2 (24. Ra2) 24... Bxb4 25. Qxb4 Qa5 26. Qxa5 Rxa5 27. Ra1 a2 28. Bd2 Raa8 29. Bb4 Rfb8 30. c3 Nb6 31. Nc2 $2 (31. f4) 31... Nc4 32. Bf1 Nd2 33. Bd6 Nxf1 34. Bxb8 Nd2 {[#] aiming for ...Nb3.} 35. Bd6 Nb3 {Threatens to win with ...Bd3.} 36. f3 $2 (36. Rd1) 36... Nxa1 37. Nxa1 {[%mdl 4096] Endgame KRB-KBN} f6 38. f4 fxe5 39. fxe5 Bc4 {Black mates.} 40. Bb4 Ra7 41. Kf2 Rf7+ 42. Ke1 Rf1+ {Accuracy: White = 32%, Black = 64%.} 0-1

[Event "Stay Safe Play From Home 207"]
[Site "T#646637Emanuel Laske"]
[Date "2020.06.07"]
[Round "7"]
[White "Justwatch"]
[Black "Timbre"]
[Result "1/2-1/2"]
[WhiteElo "1569"]
[BlackElo "1601"]
[Annotator "NA RC"]
[PlyCount "63"]
[EventDate "2020.06.07"]
[EventType "swiss (blitz)"]

1. e4 {[%emt 0:00:01]} c6 {[%emt 0:00:02]} 2. Nf3 {[%emt 0:00:01]} d5 {[%emt 0:00:01]} 3. exd5 {[%emt 0:00:00]} cxd5 {[%emt 0:00:02]} 4. d4 {[%emt 0:00:00]} Nc6 {[%emt 0:00:02]} 5. Be3 {[%emt 0:00:00]} Bg4 {[%emt 0:00:03]} 6. Be2 {[%emt 0:00:13]} e6 {[%emt 0:00:00]} 7. Nbd2 {[%emt 0:00:01]} Bxf3 {[%emt 0:00:04]} 8. Bxf3 {[%emt 0:00:02]} Nf6 {[%emt 0:00:01]} 9. c4 {[%emt 0:00:01]} dxc4 {[%emt 0:00:02]} 10. Nxc4 {[%emt 0:00:00]} Nd5 {[%emt 0:00:03]} 11. O-O {[%emt 0:00:02]} Be7 {[%emt 0:00:03]} 12. Ne5 {[%emt 0:00:02]} Bf6 {[%emt 0:00:01]} 13. Nxc6 {[%emt 0:00:02]} bxc6 {[%emt 0:00:02]} 14. Bxd5 {[%emt 0:00:52]} cxd5 {[%emt 0:00:02]} 15. b3 {[%emt 0:00:00]} O-O {[%emt 0:00:03]} 16. Qg4 {[%emt 0:00:01]} Rc8 {[%emt 0:00:06]} 17. Rfc1 {[%emt 0:00:01]} Rxc1+ {[%emt 0:00:03]} 18. Rxc1 {[%emt 0:00:00]} Qd7 {[%emt 0:00:02]} 19. h3 {[%emt 0:00:03]} Rc8 {[%emt 0:00:02]} 20. Rxc8+ {[%emt 0:00:02]} Qxc8 {[%emt 0:00:02]} 21. Bg5 {[%emt 0:00:01]} Bxg5 {[%emt 0:00:02]} 22. Qxg5 {[%emt 0:00:00]} h6 {[%emt 0:00:03]} 23. Qe7 {[%emt 0:00:01]} Qc1+ {[%emt 0:00:06]} 24. Kh2 {[%emt 0:00:01]} Qf4+ {[%emt 0:00:01]} 25. Kg1 {[%emt 0:00:01]} Qxd4 {[%emt 0:00:02]} 26. Qe8+ {[%emt 0:00:06]} Kh7 {[%emt 0:00:02]} 27. Qxf7 {[%emt 0:00:00]} e5 {[%emt 0:00:01]} 28. Qf5+ {[%emt 0:00:01]} Kg8 {[%emt 0:00:02]} 29. Qe6+ {[%emt 0:00:01]} Kh7 {[%emt 0:00:01]} 30. Qf5+ {[%emt 0:00:02]} Kh8 {[%emt 0:00:01]} 31. Qf8+ {[%emt 0:00:01]} Kh7 {[%emt 0:00:01]} 32. Qf5+ {[%emt 0:00:00] (Lag: Av=0.48s, max=0.7s)} 1/2-1/2